000
00284nam a2200121Ia 4500
008
190216s9999||||xx |||||||||||||| ||und||
100
_a
Rajanand. Dr.
245
0
_a
Hindi- Gandhi Aur Bharath
260
_b
Barath Grand Nikthan
_c
2002
300
_a
96
650
_a
Hindi
942
_c
BK
999
_c
16115
_d
16115